| 000 | 00631nam a22002057a 4500 | ||
|---|---|---|---|
| 005 | 20100501103414.0 | ||
| 008 | 100501t xxu||||| |||| 00| 0 eng d | ||
| 020 |
_a817154827X _c100.00 |
||
| 035 | _aB-35080 | ||
| 037 | _bReference | ||
| 040 | _aDPL | ||
| 082 | _a000 | ||
| 245 | _aTHE BRITANNICA quizmaster/ | ||
| 260 |
_aNew Delhi _bEncyclopaedia Britannica _c2001 |
||
| 260 |
_aMumbai _bPopular Prakashan _c2001 |
||
| 300 |
_a116p.; _c24cm.(Pbk) |
||
| 490 |
_aIndia series _v1 |
||
| 942 |
_2ddc _cEN _h000 _mTHE |
||
| 999 |
_c35564 _d35564 |
||